000 03291cam a2200481 i 4500
001 on1128886139
003 OCoLC
005 20210125113323.0
008 191122s2020 enka b 001 0 eng
010 _a 2019051789
040 _aDLC
_beng
_erda
_cDLC
_dOCLCO
_dOCLCF
_dUKMGB
_dYDX
015 _aGBB9K4098
_2bnb
016 7 _a019654197
_2Uk
020 _a9781292317915
_qpaperback
020 _a1292317914
_qpaperback
020 _z9781292317939
_qpdf
020 _z9781292317953
_qepub
029 1 _aUKMGB
_b019654197
035 _a(OCoLC)1128886139
042 _apcc
050 0 0 _aHF5437
_b.L97 2020
082 0 0 _a658.7/2
_223
049 _aTZAA
100 1 _aLysons, Kenneth,
_eauthor.
240 1 0 _aPurchasing and supply chain management.
245 1 0 _aProcurement and supply chain management /
_cKenneth Lysons, MA, MEd, PhD, Dipl.PA, Ac.Dip.Ed., DMS, FCIS, FCIPS, FInst M, MILT, Brian Farrington, BSc(Econ), MSc, PhD, FCIPS .
250 _aTenth Edition.
264 1 _aHarlow :
_bPearson Education Limited,
_c2020.
300 _axxviii, 716 pages :
_bcolor illustrations ;
_c25 cm
336 _atext
_btxt
_2rdacontent
336 _astill image
_bsti
_2rdacontent
337 _aunmediated
_bn
_2rdamedia
338 _avolume
_bnc
_2rdacarrier
500 _aRevised edition of the authors' Procurement and supply chain management, 2016.
504 _aIncludes bibliographical references and index.
520 _a"Dr Brian Farrington is the author of the tenth edition of this acclaimed book. The output of any book is influenced by many sources, including: - professional feedback from lecturers at Universities and Colleges; their views are invaluable - the Chartered Institute of Procurement and Supply's education syllabus and the Institute's continual quest to enhance standards - legal challenges to procurement decisions - emphasis on environmental and socially responsible procurement - feedback from learners and practitioners - the author's international consultancy experience - the recognition that a procurement specialist has to exercise the highest moral and ethical standards and that some fall short - the challenge presented by cyber security. There are two new chapters, thanks to the foresight of Pearson. Public Sector Procurement is a new chapter, recognising the public sector's impact on the global economy. Public accountability means that scrutiny of decisions is far more open than the private sector. Sustainability & Socially Responsible Procurement is a new chapter, recognising that this is a highly challenging global issue wherein procurement has great influence. More initiatives are necessary. There has been a serious recasting of much of the content. There is an unrivalled opportunity for procurement specialists to manage risk, finance and corporate performance. The author seeks to instil in all procurement specialists the fact that effective and innovative procurement pays a significant part in the management of economies and corporate performance. A01"--
_cProvided by publisher.
650 0 _aPurchasing.
650 0 _aBusiness logistics.
650 7 _aBusiness logistics.
_2fast
_0(OCoLC)fst00842759
650 7 _aPurchasing.
_2fast
_0(OCoLC)fst01084263
700 1 _aFarrington, Brian,
_eauthor.
994 _aC0
_bTZACH
999 _c6209
_d6209